000 00789nam a22001697a 4500
008 160224b xxu||||| |||| 00| 0 eng d
020 _a8290955413
082 _a708
_bC238j
100 _aCarlos Capelán; Gavin Jantjes; Henie-Onstad kunstsenter.
_94790
245 _aCarlos Capelán
_cCarlos Capelán; Gavin Jantjes; Henie-Onstad kunstsenter.
260 _aHøvikodden
_bHenie-onstad kunstsenter
_c2000
300 _a79 pag
_bcol; ill.
_c24 cm
505 _tSection:i Acknowledgemets
_tSection:p Preparation
_tSection:j Jetlag Mambo
_tSection:t1 Carlos Capelan (English version)
_tSection:t2 Carlos Capelan (Norwegian version)
_tSection:e Exhibition
_tSection:c Curriculum Vitae
600 _aCarlos Capelán
_94613
650 _aExhibiciones
_xArte Uruguayo
_94791
700 _aCarlos Capelán
_94613
999 _c869
_d869